Química. La ciencia central

Gorde:
Xehetasun bibliografikoak
Egile Nagusiak: Brown, Theodore L (Egilea), LeMay, H. Eugene (Egilea), Bursten, Bruce E (Egilea), Burdge, Julia R (Egilea)
Formatua: Liburua
Hizkuntza:gaztelania
Argitaratua: Ciudad de México, México Pearson Educación 2004
Edizioa:9a. ed
Gaiak:
Sarrera elektronikoa:Disponible Online
Etiketak: Etiketa erantsi
Etiketarik gabe, Izan zaitez lehena erregistro honi etiketa jartzen!

MARC

LEADER 00000nam a2200000 a 4500
001 UCL8985
003 CL-VaPUC
005 20210527001336.0
008 040716e20040000MX |||||||||||||||||spa|d
999 |c 309987  |d 309985 
020 |a 9702604680 
040 |c Pontificia Universidad Católica de Valparaíso 
082 0 4 |a 540 BRO 2004  |2 21 
100 |a Brown, Theodore L  |e author  |9 298232 
245 1 0 |a Química.  |b La ciencia central 
250 |a 9a. ed 
260 |a Ciudad de México, México   |b Pearson Educación  |c 2004 
300 |a 1046 páginas  
500 |a Incluye Cd-Rom 
583 |a last modification  |c 20040716 00:00:00  |k Rodrigo Vera 
650 0 |a Química  |9 259896 
650 0 |a Equilibrio químico   |9 259943 
650 0 |a Estructura atómica   |9 259944 
700 0 |a LeMay, H. Eugene  |e author  |9 486851 
700 0 |a Bursten, Bruce E  |e author  |9 486852 
700 0 |a Burdge, Julia R  |e author  |9 486853 
852 |a BIBCUR 
856 |u http://bibliografiaobligatoria.pucv.cl.pucv.idm.oclc.org/index.php/bibliotecapucv/catalog/book/88  |y Disponible Online  
942 |c BK  |2 ddc 
945 |d 20040716 00:00:00  |a cmena 
952 |0 0  |1 0  |4 0  |6 540_000000000000000_BRO_2004  |7 0  |8 A  |9 377930  |a BIBCUR  |b BIBCUR  |d 2019-11-21  |i 4037375  |o 540 BRO 2004  |p 4037375  |r 2025-04-22  |w 2019-11-21  |y BK  |k QUI 
952 |0 0  |1 0  |4 0  |6 540_000000000000000_BRO_2004  |7 0  |8 A  |9 377931  |a BIBCUR  |b BIBCUR  |d 2019-11-21  |i 4037383  |o 540 BRO 2004  |p 4037383  |r 2025-04-22  |w 2019-11-21  |y BK  |k QUI 
952 |0 0  |1 0  |4 0  |6 540_000000000000000_BRO_2004  |7 0  |8 A  |9 377932  |a BIBCUR  |b BIBCUR  |d 2019-11-21  |i 4037391  |o 540 BRO 2004  |p 4037391  |r 2025-04-22  |w 2019-11-21  |y BK  |k QUI 
952 |0 0  |1 0  |4 0  |6 540_000000000000000_BRO_2004  |7 0  |8 A  |9 377933  |a BIBCUR  |b BIBCUR  |d 2019-11-21  |i 4037405  |o 540 BRO 2004  |p 4037405  |r 2025-04-22  |w 2019-11-21  |y BK  |k QUI 
952 |0 0  |1 0  |4 0  |6 540_000000000000000_BRO_2004  |7 0  |8 A  |9 377934  |a BIBCUR  |b BIBCUR  |d 2019-11-21  |i 4037421  |o 540 BRO 2004  |p 4037421  |r 2025-04-22  |w 2019-11-21  |y BK  |k QUI 
952 |0 0  |1 0  |4 0  |6 540_000000000000000_BRO_2004  |7 0  |8 A  |9 377935  |a BIBCUR  |b BIBCUR  |d 2019-11-21  |i 403743K  |o 540 BRO 2004  |p 403743K  |r 2025-04-22  |w 2019-11-21  |y BK  |k QUI 
952 |0 0  |1 0  |4 0  |6 540_000000000000000_BRO_2004  |7 0  |8 A  |9 377936  |a BIBCUR  |b BIBCUR  |d 2019-11-21  |i 4037413  |l 2  |o 540 BRO 2004  |p 4037413  |r 2025-04-22  |s 2022-10-03  |w 2019-11-21  |y BK  |k QUI 
952 |0 0  |1 0  |4 0  |6 540_000000000000000_BRO_2004  |7 0  |8 A  |9 377937  |a BIBCUR  |b BIBCUR  |d 2019-11-21  |i 4037464  |o 540 BRO 2004  |p 4037464  |r 2025-04-22  |w 2019-11-21  |y BK  |k QUI 
952 |0 0  |1 0  |4 0  |6 540_000000000000000_BRO_2004  |7 0  |8 A  |9 377938  |a BIBCUR  |b BIBCUR  |d 2019-11-21  |i 4037456  |o 540 BRO 2004  |p 4037456  |r 2025-04-22  |w 2019-11-21  |y BK  |k QUI 
952 |0 0  |1 0  |4 0  |6 540_000000000000000_BRO_2004  |7 0  |8 A  |9 377939  |a BIBCUR  |b BIBCUR  |d 2019-11-21  |i 4037448  |o 540 BRO 2004  |p 4037448  |r 2025-04-22  |w 2019-11-21  |y BK  |k QUI 
952 |0 0  |1 0  |4 0  |6 540_000000000000000_BRO_2004  |7 0  |8 A  |9 377940  |a BIBCUR  |b BIBCUR  |d 2019-11-21  |i 4037472  |l 1  |o 540 BRO 2004  |p 4037472  |r 2025-04-22  |s 2024-04-30  |w 2019-11-21  |y BK  |k QUI 
952 |0 0  |1 0  |4 0  |6 540_000000000000000_BRO_2004  |7 0  |8 A  |9 377941  |a BIBCUR  |b BIBCUR  |d 2019-11-21  |i 4037480  |o 540 BRO 2004  |p 4037480  |r 2025-04-22  |w 2019-11-21  |y BK  |k QUI 
952 |0 0  |1 0  |4 0  |6 540_000000000000000_BRO_2004  |7 0  |8 A  |9 377942  |a BIBCUR  |b BIBCUR  |d 2019-11-21  |i 4037499  |o 540 BRO 2004  |p 4037499  |r 2025-04-22  |w 2019-11-21  |y BK  |k QUI 
952 |0 0  |1 0  |4 0  |6 540_000000000000000_BRO_2004  |7 0  |8 A  |9 377943  |a BIBCUR  |b BIBCUR  |d 2019-11-21  |i 4037502  |o 540 BRO 2004  |p 4037502  |r 2025-04-22  |w 2019-11-21  |y BK  |k QUI 
952 |0 0  |1 0  |4 0  |6 540_000000000000000_BRO_2004  |7 0  |8 A  |9 377944  |a BIBCUR  |b BIBCUR  |d 2019-11-21  |i 4037510  |l 3  |o 540 BRO 2004  |p 4037510  |r 2025-04-22  |s 2025-04-03  |w 2019-11-21  |y BK  |k QUI 
952 |0 0  |1 0  |4 0  |6 540_000000000000000_BRO_2004  |7 0  |8 A  |9 377945  |a BIBCUR  |b BIBCUR  |d 2019-11-21  |i 4037529  |o 540 BRO 2004  |p 4037529  |r 2025-04-22  |w 2019-11-21  |y BK  |k QUI 
952 |0 0  |1 0  |4 0  |6 540_000000000000000_BRO_2004  |7 0  |8 A  |9 377946  |a BIBCUR  |b BIBCUR  |d 2019-11-21  |i 4037537  |l 3  |o 540 BRO 2004  |p 4037537  |r 2025-04-22  |s 2025-03-13  |w 2019-11-21  |y BK  |k QUI 
952 |0 0  |1 0  |4 0  |6 540_000000000000000_BRO_2004  |7 0  |8 A  |9 377947  |a BIBCUR  |b BIBCUR  |d 2019-11-21  |i 4037545  |l 1  |o 540 BRO 2004  |p 4037545  |r 2025-04-22  |s 2024-05-03  |w 2019-11-21  |y BK  |k QUI 
952 |0 0  |1 0  |4 0  |6 540_000000000000000_BRO_2004  |7 0  |8 A  |9 377948  |a BIBCUR  |b BIBCUR  |d 2019-11-21  |i 4037553  |o 540 BRO 2004  |p 4037553  |r 2025-04-22  |w 2019-11-21  |y BK  |k QUI 
952 |0 0  |1 0  |4 0  |6 540_000000000000000_BRO_2004  |7 0  |8 A  |9 377949  |a BIBCUR  |b BIBCUR  |d 2019-11-21  |i 4037561  |l 2  |o 540 BRO 2004  |p 4037561  |r 2025-04-22  |s 2024-04-10  |w 2019-11-21  |y BK  |k QUI 
952 |0 0  |1 0  |4 0  |6 540_000000000000000_BRO_2004  |7 0  |8 A  |9 377950  |a BIBCUR  |b BIBCUR  |d 2019-11-21  |i 403757K  |l 2  |o 540 BRO 2004  |p 403757K  |r 2025-04-22  |s 2022-11-29  |w 2019-11-21  |y BK  |k QUI 
952 |0 0  |1 0  |4 0  |6 540_000000000000000_BRO_2004  |7 0  |8 A  |9 377951  |a BIBCUR  |b BIBCUR  |d 2019-11-21  |i 4037588  |o 540 BRO 2004  |p 4037588  |r 2025-04-22  |w 2019-11-21  |y BK  |k QUI 
952 |0 0  |1 0  |4 0  |6 540_000000000000000_BRO_2004  |7 0  |8 A  |9 377952  |a BIBCUR  |b BIBCUR  |d 2019-11-21  |i 4037596  |o 540 BRO 2004  |p 4037596  |r 2025-04-22  |w 2019-11-21  |y BK  |k QUI 
952 |0 0  |1 0  |4 0  |6 540_000000000000000_BRO_2004  |7 0  |8 A  |9 377953  |a BIBCUR  |b BIBCUR  |d 2019-11-21  |i 4037618  |o 540 BRO 2004  |p 4037618  |r 2025-04-22  |w 2019-11-21  |y BK  |k QUI 
952 |0 0  |1 0  |4 0  |6 540_000000000000000_BRO_2004  |7 0  |8 A  |9 377954  |a BIBCUR  |b BIBCUR  |d 2019-11-21  |i 4037626  |o 540 BRO 2004  |p 4037626  |r 2025-04-22  |w 2019-11-21  |y BK  |k QUI 
952 |0 0  |1 0  |4 0  |6 540_000000000000000_BRO_2004  |7 0  |8 A  |9 377956  |a BIBCUR  |b BIBCUR  |d 2019-11-21  |i 4037642  |o 540 BRO 2004  |p 4037642  |r 2025-04-22  |w 2019-11-21  |y BK  |k QUI 
952 |0 0  |1 0  |4 0  |6 540_000000000000000_BRO_2004  |7 0  |8 A  |9 377958  |a BIBCUR  |b BIBCUR  |d 2019-11-21  |i 4037669  |l 5  |o 540 BRO 2004  |p 4037669  |r 2025-04-22  |s 2025-04-07  |w 2019-11-21  |y BK  |k QUI 
952 |0 0  |1 0  |4 0  |6 540_000000000000000_BRO_2004  |7 0  |8 A  |9 377959  |a BIBCUR  |b BIBCUR  |d 2019-11-21  |i 4037677  |o 540 BRO 2004  |p 4037677  |r 2025-04-22  |w 2019-11-21  |y BK  |k QUI 
952 |0 0  |1 0  |4 0  |6 540_000000000000000_BRO_2004  |7 0  |8 A  |9 377960  |a BIBCUR  |b BIBCUR  |d 2019-11-21  |i 4037685  |o 540 BRO 2004  |p 4037685  |r 2025-04-22  |w 2019-11-21  |y BK  |k QUI 
952 |0 0  |1 0  |4 0  |6 540_000000000000000_BRO_2004  |7 0  |8 A  |9 377961  |a BIBCUR  |b BIBCUR  |d 2019-11-21  |i 4037693  |o 540 BRO 2004  |p 4037693  |r 2025-04-22  |w 2019-11-21  |y BK  |k QUI 
952 |0 0  |1 0  |4 0  |6 540_000000000000000_BRO_2004  |7 0  |8 A  |9 377962  |a BIBCUR  |b BIBCUR  |d 2019-11-21  |i 4037707  |o 540 BRO 2004  |p 4037707  |r 2025-04-22  |w 2019-11-21  |y BK  |k QUI 
952 |0 0  |1 0  |4 0  |6 540_000000000000000_BRO_2004  |7 0  |8 A  |9 377963  |a BIBCUR  |b BIBCUR  |d 2019-11-21  |i 4037715  |o 540 BRO 2004  |p 4037715  |r 2025-04-22  |w 2019-11-21  |y BK  |k QUI 
952 |0 0  |1 0  |4 0  |6 540_000000000000000_BRO_2004  |7 0  |8 A  |9 377964  |a BIBCUR  |b BIBCUR  |d 2019-11-21  |i 4037723  |l 1  |o 540 BRO 2004  |p 4037723  |r 2025-04-22  |s 2022-06-28  |w 2019-11-21  |y BK  |k QUI 
952 |0 0  |1 0  |4 0  |6 540_000000000000000_BRO_2004  |7 0  |8 A  |9 377965  |a BIBCUR  |b BIBCUR  |d 2019-11-21  |i 4037731  |l 1  |o 540 BRO 2004  |p 4037731  |r 2025-04-22  |s 2024-07-02  |w 2019-11-21  |y BK  |k QUI 
952 |0 0  |1 0  |4 0  |6 540_000000000000000_BRO_2004  |7 0  |8 A  |9 377966  |a BIBCUR  |b BIBCUR  |d 2019-11-21  |i 403774K  |l 1  |o 540 BRO 2004  |p 403774K  |r 2025-04-22  |s 2022-03-16  |w 2019-11-21  |y BK  |k QUI 
952 |0 0  |1 0  |4 0  |6 540_000000000000000_BRO_2004  |7 0  |8 A  |9 377967  |a BIBCUR  |b BIBCUR  |d 2019-11-21  |i 4037758  |l 1  |m 1  |o 540 BRO 2004  |p 4037758  |r 2025-04-22  |s 2024-04-24  |w 2019-11-21  |y BK  |k QUI 
952 |0 0  |1 0  |4 0  |6 540_000000000000000_BRO_2004  |7 0  |8 A  |9 377968  |a BIBCUR  |b BIBCUR  |d 2019-11-21  |i 4037766  |o 540 BRO 2004  |p 4037766  |r 2025-04-22  |w 2019-11-21  |y BK  |k QUI 
952 |0 0  |1 0  |4 0  |6 540_000000000000000_BRO_2004  |7 0  |8 A  |9 377969  |a BIBCUR  |b BIBCUR  |d 2019-11-21  |i 4106075  |o 540 BRO 2004  |p 4106075  |r 2025-04-22  |w 2019-11-21  |y BK  |k QUI 
952 |0 0  |1 0  |4 0  |6 540_000000000000000_BRO_2004  |7 0  |8 A  |9 377970  |a BIBCUR  |b BIBCUR  |d 2019-11-21  |i 4302974  |l 3  |o 540 BRO 2004  |p 4302974  |r 2025-04-22  |s 2025-04-01  |w 2019-11-21  |y BK  |k BAC 
952 |0 0  |1 0  |4 0  |6 540_000000000000000_BRO_2004  |7 0  |8 A  |9 377971  |a BIBCUR  |b BIBCUR  |d 2019-11-21  |i 4302982  |o 540 BRO 2004  |p 4302982  |r 2025-04-22  |w 2019-11-21  |y BK  |k BAC 
952 |0 0  |1 0  |4 0  |6 540_000000000000000_BRO_2004  |7 0  |8 A  |9 377972  |a BIBCUR  |b BIBCUR  |d 2019-11-21  |i 4302990  |l 2  |o 540 BRO 2004  |p 4302990  |r 2025-04-22  |s 2025-04-01  |w 2019-11-21  |y BK  |k BAC 
952 |0 0  |1 0  |4 0  |6 540_000000000000000_BRO_2004  |7 0  |8 A  |9 377973  |a BIBCUR  |b BIBCUR  |d 2019-11-21  |i 4303008  |l 2  |o 540 BRO 2004  |p 4303008  |r 2025-04-22  |s 2022-06-20  |w 2019-11-21  |y BK  |k BAC 
952 |0 0  |1 0  |4 0  |6 540_000000000000000_BRO_2004  |7 0  |8 A  |9 377974  |a BIBCUR  |b BIBCUR  |d 2019-11-21  |i 4303016  |l 6  |m 4  |o 540 BRO 2004  |p 4303016  |r 2025-04-22  |s 2025-04-03  |w 2019-11-21  |y BK  |k BAC 
952 |0 0  |1 0  |4 0  |6 540_000000000000000_BRO_2004  |7 0  |8 A  |9 377975  |a BIBCUR  |b BIBCUR  |d 2019-11-21  |i 4303024  |l 3  |o 540 BRO 2004  |p 4303024  |r 2025-04-22  |s 2025-03-31  |w 2019-11-21  |y BK  |k BAC 
952 |0 0  |1 0  |4 0  |6 540_000000000000000_BRO_2004  |7 0  |8 A  |9 377976  |a BIBCUR  |b BIBCUR  |d 2019-11-21  |i 4303032  |o 540 BRO 2004  |p 4303032  |r 2025-04-22  |w 2019-11-21  |y BK  |k BAC 
952 |0 0  |1 0  |4 0  |6 540_000000000000000_BRO_2004  |7 0  |8 A  |9 377977  |a BIBCUR  |b BIBCUR  |d 2019-11-21  |i 4303040  |l 3  |m 1  |o 540 BRO 2004  |p 4303040  |r 2025-04-22  |s 2022-05-09  |w 2019-11-21  |y BK  |k BAC